Fifty years of invasion ecology : the legacy of Charles Elton

Saved in:
Bibliographic Details
Other Authors: Richardson, D. M. (David M.) 1958- (Editor)
Format: Book
Language:English
Published: Chichester, West Sussex; Hoboken, NJ : Wiley-Blackwell, 2011
Subjects:
Tags: Add Tag
No Tags, Be the first to tag this record!

MARC

LEADER 00000nam a2200000 i 4500
001 1/41958
008 140212s2011 eng d
020 |a 978-1-4443-3585-9 
035 |l 10116661 
040 |a GR-MY-UA  |b gre  |e aacr 
041 0 |a eng 
082 0 |a 577.18  |2 (22) 
245 1 0 |a Fifty years of invasion ecology :  |b the legacy of Charles Elton /  |c edited by David M. Richardson 
260 |a Chichester, West Sussex; Hoboken, NJ :   |b Wiley-Blackwell,   |c 2011 
300 |a xix, 432 σ.;  |c 25 εκ. 
504 |a Περιλαμβάνει βιβλιογραφία και ευρετήριο 
600 1 0 |a Elton Charles S.  |q (Charles Sutherland)  |d 1900-1991. 
650 0 0 |a Biological invasions. 
700 1 |a Richardson, D. M.  |q (David M.)  |d 1958-  |4 edt 
852 |a INST  |b LESVOS  |e 20140212  |h 577.18 FIF  |p 005100053627  |q 005100053627  |t BK  |y 4  |x 20200115 
901 |a BIBL1-2014-1 
909 |a Λ  |b 179498 
922 |a 1ΕΛΗ  |b 201306  |c ΤΜΗΜΑ ΠΕΡΙΒΑΛΛΟΝΤΟΣ  |d ΙΩΑΝΝΙΔΟΥ 
970 |a ΤΖΑΦΕΡΗ  |b ΕΥΑΓΓΕΛΙΑ  |z 2014/02/13